000 01189nam a22003497a 4500
003 CHAP
005 20220817042130.0
008 971013s1977 r 00010 d
010 _a35620
011 _a36592
035 _a40711
040 _cCHAP
082 _a595.701
_bO7 1977
110 _aOrganismo Internacional de Energía Atómica
_983512
245 _aLaboratory training manual on the use of isotopes and radiation in entomology
250 _a2 ed.
260 _aVienna :
_bOIEA,
_c1977
300 _a274 p.
_b: ilus.
490 _aTechnical reports series
_v; 61
590 _aBATCH-UPD
_b10
_c20130110
_lUCH01
_h1925
590 _aBATCH-UPD
_b10
_c20130410
_lUCH01
_h1250
590 _aBATCH-UPD
_b10
_c20130914
_lUCH01
_h1354
590 _aCONVERSION
_b10
_c20130109
_lUCH01
_h1320
650 1 4 _aInsectos
_xAnatomía y fisiología.
_958891
650 1 4 _aRadiación
_xEfecto en insectos.
_993670
710 0 _aFAO.
830 0 _aTechnical reports series
_v; 61
_9111913
901 _aBK
942 _cLIBRO
949 _a595.701 O7 1977
_bBC
_cLIBRO
_d33724000370581
_eLIBRO
_h43345
_i40711
_si
949 _a595.701 O7 1977
_bBC
_cLIBRO
_d33724000370599
_eLIBRO
_fc.2
_h59888
_i40711
_si
999 _c35620
_d35620